000 01103nam a2200265Ia 4500
003 OSt
005 20220923211103.0
006 a|||||r|||| 00| 0
007 ta
008 220922b |||||||| |||| 00| 0 hin d
020 _a817917039X (hbk)
_c225
024 _a245,494
037 _b379, 11/02/2011, Swaraj Prakashan
_cTextual
040 _aARTS
_cARTS
_bhin
041 _2hin
_ahin
082 _aW64N19, 152P4
100 _aतोग्लियात्ती, पामीरो; राजिमवाले, अनिल, अनु.
_9158055
245 0 _aफासीवाद और उसकी कार्यपद्धति
246 _aFāsīvād aur usakī kāryapaddhati
260 _aदिल्ली
_b ग्रंथ शिल्पी
_c2004
300 _a160पृ.
_ccm.
650 _aभारतीय राजनीति
_9156264
942 _hW64N19, 152P4
_cTEXL
_2CC
999 _c295056
_d295056